000 00432nam a22001697a 4500
005 20251108175622.0
008 250721s2018 xx 000 0 eng d
082 1 4 _aJ/F/GUL
245 1 0 _aGULLIVER IN LILLIPUT /
264 _bHome Applied Training,
_c2018.
300 _a32p
490 0 _aGraded Readers
_vlevel6
650 1 7 _aFiction
653 _aناشؤون صغار (10-14) سنة
942 _2ddc
_cBK
999 _c138417
_d138417